[Event "16th ch-EUR Indiv w 2015"]
[Site "Chakvi GEO"]
[Date "2015.05.22"]
[Round "4.42"]
[White "Bokuchava, Madona"]
[Black "Gaboyan, Susanna"]
[Result "0-1"]
[WhiteTitle "WFM"]
[WhiteElo "2063"]
[BlackElo "2153"]
[WhiteFideId "13603663"]
[BlackFideId "13303627"]
[EventDate "2015.05.19"]

1. d4 Nf6 2. Nf3 g6 3. e3 Bg7 4. Bd3 O-O 5. O-O c5 6. dxc5 Qc7 7. Nc3 Qxc5 8. e4
d6 9. Bf4 Nc6 10. h3 a6 11. Be3 Qa5 12. a3 b5 13. Qd2 Rd8 14. Bg5 Be6 15. Bh6
Bh8 16. Ng5 Bc4 17. Rad1 Qc7 18. f4 d5 19. e5 Nh5 20. g4 Ng7 21. Bxc4 dxc4 22.
Qe3 Qa7 23. Qxa7 Nxa7 24. Nd5 Nc6 25. f5 gxf5 26. gxf5 Ne8 27. Kh1 Bxe5 28. Rg1
Bg7 29. Ne4 Kh8 30. Bxg7+ Nxg7 31. f6 exf6 32. Ndxf6 Rxd1 33. Rxd1 Ne8 34. Rf1
Nxf6 35. Rxf6 Nd8 36. h4 Kg7 37. h5 h6 38. Rd6 Ne6 39. Kg2 Kf8 40. Rb6 Ke7 41.
Rb7+ Kf8 42. Kg3 Rd8 43. Kf2 Nf4 0-1

[Event "16th ch-EUR Indiv w 2015"]
[Site "Chakvi GEO"]
[Date "2015.05.22"]
[Round "4.43"]
[White "Kuchava, Ana"]
[Black "Ivanova, Tatiana"]
[Result "1/2-1/2"]
[WhiteElo "2135"]
[BlackElo "2121"]
[WhiteFideId "13605348"]
[BlackFideId "4109724"]
[EventDate "2015.05.19"]

1. d4 Nf6 2. Nf3 e6 3. e3 c5 4. Bd3 Nc6 5. c3 d5 6. Ne5 Nxe5 7. dxe5 Nd7 8. f4
c4 9. Bc2 Qh4+ 10. g3 Qh3 11. Nd2 b5 12. Qe2 f5 13. exf6 Nxf6 14. Nf3 Ne4 15.
Bxe4 dxe4 16. Nd2 Be7 17. a4 bxa4 18. Qxc4 O-O 19. Rxa4 Bd7 20. Ra1 Rfc8 21. Qe2
Bc6 22. Ra5 Bd5 23. Qf1 Qg4 24. Qe2 Qh3 25. Kf2 Bd8 26. Ra1 Bb6 27. c4 Bc6 28.
b3 e5 29. Nf1 exf4 30. gxf4 Rf8 31. Ke1 Rxf4 32. c5 Bd8 33. Ng3 Rf7 34. Bb2 Bh4
35. Rg1 Rb8 36. Ra3 Bb5 37. Qg2 Qg4 38. Kd2 Rd8+ 39. Bd4 Rxd4+ 40. exd4 e3+ 41.
Kc3 Rf3 42. Ne2 Be1+ 43. Kb2 Qxg2 44. Rxg2 Bxe2 45. Rxa7 Bd3 46. Rgxg7+ Kf8 47.
Rgf7+ Kg8 48. Rg7+ 1/2-1/2

[Event "16th ch-EUR Indiv w 2015"]
[Site "Chakvi GEO"]
[Date "2015.05.22"]
[Round "4.44"]
[White "Soyunlu, Narmin"]
[Black "Folkova, Martina"]
[Result "0-1"]
[BlackTitle "WFM"]
[WhiteElo "1891"]
[BlackElo "2134"]
[WhiteFideId "13400843"]
[BlackFideId "304271"]
[EventDate "2015.05.19"]

1. c4 g6 2. g3 Bg7 3. Bg2 d6 4. Nc3 e5 5. d3 Ne7 6. e3 O-O 7. Nge2 c6 8. O-O Be6
9. b3 f5 10. d4 e4 11. Ba3 Bf7 12. Rc1 g5 13. f3 exf3 14. Bxf3 Bh6 15. e4 Bg6
16. Qc2 g4 17. Bg2 Be3+ 18. Kh1 Bxc1 19. Qxc1 Na6 20. Qg5 c5 21. Nf4 Nc6 22. Qh6
Qe8 23. exf5 Rxf5 24. Bd5+ Kh8 25. Be4 Nxd4 26. Bb2 Kg8 27. Bxb7 Nc7 28. Ne4 Qf8
29. Qh4 Re8 30. Ng5 Ree5 0-1

[Event "16th ch-EUR Indiv w 2015"]
[Site "Chakvi GEO"]
[Date "2015.05.22"]
[Round "4.45"]
[White "Balajayeva, Khanim"]
[Black "Khmiadashvili, Tamar"]
[Result "1/2-1/2"]
[WhiteTitle "WCM"]
[BlackTitle "WGM"]
[WhiteElo "2130"]
[BlackElo "2043"]
[WhiteFideId "13406396"]
[BlackFideId "13600346"]
[EventDate "2015.05.19"]

1. e4 c6 2. c4 d6 3. d4 Nf6 4. Nc3 e5 5. Nf3 Nbd7 6. Be2 Be7 7. O-O Qc7 8. h3 a6
9. Be3 O-O 10. d5 cxd5 11. cxd5 Qd8 12. a4 b6 13. Nd2 a5 14. Qb1 Nc5 15. b4 axb4
16. Qxb4 Nfd7 17. Nc4 Ba6 18. f3 Bxc4 19. Bxc4 Bg5 20. Bxg5 Qxg5 21. Nb5 Qh6 22.
Qb2 f5 23. Rfe1 f4 24. Qf2 Rf6 25. Nc3 Nf8 26. Bb5 g5 27. Bc6 Rb8 1/2-1/2

[Event "16th ch-EUR Indiv w 2015"]
[Site "Chakvi GEO"]
[Date "2015.05.22"]
[Round "4.46"]
[White "Jibuti, Nata"]
[Black "Unuk, Laura"]
[Result "0-1"]
[WhiteTitle "WFM"]
[BlackTitle "WIM"]
[WhiteElo "1694"]
[BlackElo "2213"]
[WhiteFideId "13603094"]
[BlackFideId "14609215"]
[EventDate "2015.05.19"]

1. e4 e6 2. d4 d5 3. Nc3 Nf6 4. e5 Nfd7 5. f4 c5 6. Nf3 Nc6 7. Be3 a6 8. Qd2 b5
9. Be2 b4 10. Nd1 cxd4 11. Nxd4 Bb7 12. O-O Nxd4 13. Bxd4 Qc7 14. Ne3 Be7 15.
Rf3 a5 16. Rg3 g6 17. Rc1 Nc5 18. Bd3 h5 19. c3 b3 20. a3 Ba6 21. Bxa6 Rxa6 22.
Qe2 Rc6 23. Rf1 Ne4 24. Rgf3 Bc5 25. Bxc5 Rxc5 26. Nd1 O-O 27. Nf2 Rc4 28. Nxe4
Rxe4 29. Qd2 Qc5+ 30. Kh1 Rc8 31. Re1 Qc4 32. h3 a4 33. Rxe4 dxe4 34. Rf2 Rc5
35. Qe3 Rd5 36. Re2 Rd1+ 37. Kh2 Rb1 38. Qxe4 Qxe4 39. Rxe4 Rxb2 40. Rxa4 Rc2
41. c4 b2 42. Rb4 Rxc4 43. Rxb2 Rxf4 44. Rb4 Rf2 45. a4 Ra2 46. Kg3 g5 47. Kf3
Kg7 48. g4 h4 49. Rc4 Rh2 50. a5 Rxh3+ 51. Kf2 Ra3 52. Rc5 Ra4 53. Kf3 Rf4+ 54.
Kg2 Rxg4+ 0-1

[Event "16th ch-EUR Indiv w 2015"]
[Site "Chakvi GEO"]
[Date "2015.05.22"]
[Round "4.47"]
[White "Lingur, Zalina"]
[Black "Kasoshvili, Tsiala"]
[Result "0-1"]
[WhiteTitle "WFM"]
[BlackTitle "WIM"]
[WhiteElo "2057"]
[BlackElo "2179"]
[WhiteFideId "34165670"]
[BlackFideId "13600354"]
[EventDate "2015.05.19"]

1. e4 c5 2. Nf3 Nc6 3. d4 cxd4 4. Nxd4 d5 5. Bb5 dxe4 6. Nxc6 Qxd1+ 7. Kxd1 a6
8. Ba4 Bd7 9. Nc3 Bxc6 10. Bxc6+ bxc6 11. Nxe4 e5 12. Be3 f5 13. Nc3 Nf6 14. Na4
Bd6 15. Bc5 Bc7 16. Ke2 Kf7 17. Rhd1 Ke6 18. Ba3 Rhe8 19. Rd3 Nd5 20. g3 f4 21.
c4 Nf6 22. Rad1 g5 23. Bd6 Bd8 24. f3 h5 25. Bc5 Kf5 26. Rd6 Rc8 27. Nb6 Bxb6
28. Bxb6 e4 29. gxf4 exf3+ 30. Kxf3 g4+ 31. Kg2 Re2+ 32. Kg1 h4 33. Bd8 Ne4 0-1

[Event "16th ch-EUR Indiv w 2015"]
[Site "Chakvi GEO"]
[Date "2015.05.22"]
[Round "4.48"]
[White "Martynkova, Olena"]
[Black "Chanturia, Tamar"]
[Result "1-0"]
[WhiteTitle "WFM"]
[WhiteElo "2165"]
[BlackElo "1688"]
[WhiteFideId "14134039"]
[BlackFideId "13603175"]
[EventDate "2015.05.19"]

1. d4 Nf6 2. c4 e6 3. Nf3 Bb4+ 4. Bd2 Qe7 5. g3 b6 6. Bg2 Bb7 7. O-O Bxd2 8.
Qxd2 d6 9. Nc3 Nbd7 10. Rac1 h6 11. Qc2 O-O 12. Rfd1 a6 13. e4 e5 14. Nd5 Nxd5
15. cxd5 Rac8 16. dxe5 dxe5 17. Bh3 Rfd8 18. Qc3 Qd6 19. Bxd7 Rxd7 20. Nxe5 Re7
21. Nc4 Qg6 22. e5 b5 23. Na5 Ba8 24. Nc6 Bxc6 25. Qxc6 Ree8 26. d6 Red8 27.
Qxc7 1-0

[Event "16th ch-EUR Indiv w 2015"]
[Site "Chakvi GEO"]
[Date "2015.05.23"]
[Round "5.2"]
[White "Batsiashvili, Nino"]
[Black "Kovalevskaya, Ekaterina"]
[Result "1-0"]
[WhiteTitle "IM"]
[BlackTitle "IM"]
[WhiteElo "2473"]
[BlackElo "2450"]
[WhiteFideId "13602993"]
[BlackFideId "4116704"]
[EventDate "2015.05.19"]

1. d4 Nf6 2. c4 c5 3. d5 b5 4. cxb5 a6 5. bxa6 g6 6. Nc3 Bg7 7. Nf3 O-O 8. e4
Qa5 9. e5 Ng4 10. Bf4 f6 11. exf6 Nxf6 12. Bd2 Bxa6 13. Bxa6 Qxa6 14. Qe2 Qxe2+
15. Kxe2 Na6 16. Rhd1 Rfb8 17. Rab1 d6 18. Be1 Nd7 19. a3 Nc7 20. Ng5 Nb6 21.
Ne6 Nxe6 22. dxe6 Nc4 23. Nd5 Rxb2+ 24. Rxb2 Nxb2 25. Rb1 Kf8 26. f4 c4 27. Bb4
Nd3 28. Ke3 Rb8 29. Rf1 Nxb4 30. axb4 Bb2 31. f5 g5 32. Ke4 Rb5 33. Rf2 Bf6 34.
g4 c3 35. Ra2 Kg7 36. h3 Rb8 37. Kd3 Rc8 38. Rc2 Rb8 39. Kc4 Rc8+ 40. Kb3 h5 41.
Nxc3 hxg4 42. hxg4 Bxc3 43. Rxc3 Rh8 44. b5 Kf6 45. Kb4 Rb8 46. Rc7 1-0

[Event "16th ch-EUR Indiv w 2015"]
[Site "Chakvi GEO"]
[Date "2015.05.23"]
[Round "5.3"]
[White "Girya, Olga"]
[Black "Kashlinskaya, Alina"]
[Result "1-0"]
[WhiteTitle "WGM"]
[BlackTitle "IM"]
[WhiteElo "2479"]
[BlackElo "2423"]
[WhiteFideId "4195752"]
[BlackFideId "4198026"]
[EventDate "2015.05.19"]

1. Nf3 Nf6 2. c4 e6 3. d4 Bb4+ 4. Bd2 Qe7 5. g3 Nc6 6. Nc3 d6 7. Bg2 Bxc3 8.
Bxc3 Ne4 9. Rc1 Nxc3 10. Rxc3 e5 11. d5 Nb8 12. b4 O-O 13. O-O a5 14. Ra3 Bg4
15. Nd2 Nd7 16. Rxa5 Rxa5 17. bxa5 f5 18. Nb3 f4 19. Qd2 Rf6 20. f3 Bh5 21. e4
fxg3 22. hxg3 Rg6 23. g4 Nf6 24. Qb4 Bxg4 25. fxg4 Nxg4 26. Qxb7 Qd8 27. Rf3 h6
28. Nd2 Nf6 29. a6 Nh5 30. a7 Kh7 31. a8=Q Qg5 32. Rf2 Nf4 33. Qbc8 Rf6 34. Qg8+ 1-0

[Event "16th ch-EUR Indiv w 2015"]
[Site "Chakvi GEO"]
[Date "2015.05.23"]
[Round "5.5"]
[White "Galliamova, Alisa"]
[Black "Guseva, Marina"]
[Result "0-1"]
[WhiteTitle "IM"]
[BlackTitle "IM"]
[WhiteElo "2478"]
[BlackElo "2391"]
[WhiteFideId "4129725"]
[BlackFideId "4149351"]
[EventDate "2015.05.19"]

1. Nf3 d5 2. c4 c6 3. e3 Nf6 4. Nc3 e6 5. b3 Bd6 6. d4 Ne4 7. Nxe4 dxe4 8. Nd2
f5 9. c5 Be7 10. Bb2 O-O 11. f3 b6 12. cxb6 exf3 13. Qxf3 axb6 14. a3 Bh4+ 15.
g3 Bf6 16. Be2 Ra7 17. Qf2 c5 18. Nf3 Bb7 19. O-O Bd5 20. Bc4 cxd4 21. Nxd4 Bxc4
22. bxc4 Qc8 23. Nb5 Rd7 24. Bxf6 Rxf6 25. Qf4 Nc6 26. Rad1 e5 27. Qf3 e4 28.
Qf4 h6 29. Rd5 Ne7 30. Rxd7 Qxd7 31. Nd4 Ng6 32. Qb8+ Kh7 33. Kg2 h5 34. Rb1 f4
35. gxf4 Nxf4+ 36. exf4 Qxd4 37. Qe5 Qd3 0-1

[Event "16th ch-EUR Indiv w 2015"]
[Site "Chakvi GEO"]
[Date "2015.05.23"]
[Round "5.6"]
[White "Hoang, Thanh Trang"]
[Black "Fataliyeva, Ulviyya"]
[Result "1-0"]
[WhiteTitle "GM"]
[BlackTitle "WIM"]
[WhiteElo "2472"]
[BlackElo "2331"]
[WhiteFideId "12400149"]
[BlackFideId "13403052"]
[EventDate "2015.05.19"]

1. d4 e6 2. c4 Nf6 3. Nc3 Bb4 4. Qc2 O-O 5. a3 Bxc3+ 6. Qxc3 d6 7. f3 Nbd7 8. e4
e5 9. d5 a5 10. Be3 a4 11. Bd3 b6 12. Ne2 Nc5 13. Bc2 Bd7 14. O-O Nh5 15. g4 Nf6
16. Ng3 Ne8 17. Kh1 g5 18. h4 f6 19. Qd2 h6 20. Kg2 Ng7 21. Rh1 Be8 22. hxg5
hxg5 23. Rh6 Kf7 24. Rah1 Rg8 25. Rxf6+ Qxf6 26. Bxg5 Qg6 27. Rh6 Qxh6 28. Bxh6
Bd7 29. Qg5 Ne8 30. Qh5+ Rg6 31. g5 Nf6 32. Qh4 Rh8 33. f4 Nfxe4 34. Nxe4 Rhxh6
35. Qxh6 Rxh6 36. gxh6 Nxe4 37. Bxe4 exf4 38. Kf3 b5 39. cxb5 Bxb5 40. Kxf4 Kf6
41. Ke3 Bc4 42. Kd4 Bb3 1-0

[Event "16th ch-EUR Indiv w 2015"]
[Site "Chakvi GEO"]
[Date "2015.05.23"]
[Round "5.7"]
[White "Bodnaruk, Anastasia"]
[Black "Danielian, Elina"]
[Result "1-0"]
[WhiteTitle "IM"]
[BlackTitle "GM"]
[WhiteElo "2402"]
[BlackElo "2458"]
[WhiteFideId "4181751"]
[BlackFideId "13300210"]
[EventDate "2015.05.19"]

1. e4 c6 2. d4 d5 3. e5 Bf5 4. Nf3 e6 5. Be2 Nd7 6. O-O h6 7. Nbd2 Ne7 8. Nb3 g5
9. Bd2 a5 10. a4 Bg7 11. Ne1 Qc7 12. f4 gxf4 13. Nd3 Rg8 14. Kh1 Be4 15. Nxf4
Nf5 16. Bh5 Bh8 17. Nxe6 Bxg2+ 18. Kg1 Be4+ 19. Kf2 Qb6 20. Ke1 Nxe5 21. dxe5
Bxe5 22. Nbc5 Ke7 23. Bxf7 Rg2 24. Ra3 Bxh2 25. Qc1 Nd4 26. Nxd4 Qxc5 27. Be3
Qc4 28. Bf2 Rf8 29. Qxh6 Rxf7 30. Bh4+ Ke8 31. Qe6+ 1-0

[Event "16th ch-EUR Indiv w 2015"]
[Site "Chakvi GEO"]
[Date "2015.05.23"]
[Round "5.8"]
[White "Zhukova, Natalia"]
[Black "Gevorgyan, Maria"]
[Result "1-0"]
[WhiteTitle "GM"]
[BlackTitle "WFM"]
[WhiteElo "2456"]
[BlackElo "2190"]
[WhiteFideId "14101513"]
[BlackFideId "13300270"]
[EventDate "2015.05.19"]

1. Nf3 d5 2. c4 c6 3. d4 Nf6 4. Nc3 a6 5. g3 Bf5 6. Qb3 b5 7. cxd5 cxd5 8. Ne5
e6 9. Bg2 Nbd7 10. O-O Rc8 11. Bg5 b4 12. e4 dxe4 13. Nxe4 Be7 14. Nxd7 Nxe4 15.
Bxe7 Qxe7 16. Nb6 Rd8 17. Qa4+ Kf8 18. Qxa6 Qd6 19. Rac1 g5 20. Qa5 Rb8 21. Nd7+
Qxd7 22. Qe5 Ke7 23. Rc7 f6 24. Rxd7+ Kxd7 25. Qa5 Rhc8 26. Qa7+ Kd6 27. g4 Bg6
28. Re1 f5 29. f3 Nf6 30. Qa6+ Rc6 31. Rxe6+ Kxe6 32. Qxc6+ Ke7 33. gxf5 Bf7 34.
Qc7+ Nd7 35. f6+ Ke8 36. Qd6 1-0

[Event "16th ch-EUR Indiv w 2015"]
[Site "Chakvi GEO"]
[Date "2015.05.23"]
[Round "5.9"]
[White "Galojan, Lilit"]
[Black "Khurtsidze, Nino"]
[Result "1/2-1/2"]
[WhiteTitle "IM"]
[BlackTitle "IM"]
[WhiteElo "2275"]
[BlackElo "2451"]
[WhiteFideId "13301314"]
[BlackFideId "13600320"]
[EventDate "2015.05.19"]

1. c4 Nf6 2. g3 e6 3. Bg2 d5 4. d4 dxc4 5. Nf3 Bb4+ 6. Nbd2 O-O 7. Qc2 c5 8.
dxc5 Nc6 9. O-O Bxc5 10. Nxc4 Qe7 11. Nce5 Nb4 12. Qb1 a5 13. Bd2 h6 14. Rc1 Bd7
15. a3 Nbd5 16. Qd3 Rfc8 17. Nxd7 Nxd7 18. Rc2 a4 19. Rac1 Qd8 20. Qb5 Rc6 21.
e3 Rb6 22. Qe2 Rc6 23. Ne1 Qb6 24. Nd3 Rac8 25. Bf1 Be7 26. Rxc6 Rxc6 27. Qd1
Nc5 28. Nxc5 Bxc5 29. Qxa4 Qxb2 30. Qc2 Qxa3 31. Qd3 Qxd3 32. Bxd3 Bb4 33. Rxc6
bxc6 34. Bc1 Kf8 35. Bb2 f6 36. Kf1 Ke7 37. Ke2 Nb6 38. f4 c5 39. Bb5 Kd6 40.
Kd3 Nc8 41. g4 Be1 42. Ke2 Bh4 43. Kd3 Ne7 44. Bc3 Nd5 45. Bd2 e5 46. f5 Bg5 47.
Bc4 Bh4 48. Bxd5 Kxd5 49. e4+ Kc6 50. Kc4 Bf2 51. Ba5 Be3 52. Bd8 Kd7 53. Bb6
Kc6 54. Ba5 Bf2 55. h3 Be3 56. Bd8 Kd7 57. Bb6 Kc6 58. Ba5 Bf2 59. Bd8 Kd7 60.
Bb6 Kc6 61. Ba5 Be3 62. h4 Bf2 63. h5 1/2-1/2

[Event "16th ch-EUR Indiv w 2015"]
[Site "Chakvi GEO"]
[Date "2015.05.23"]
[Round "5.10"]
[White "Sviridova, Vlada"]
[Black "Savina, Anastasia"]
[Result "0-1"]
[WhiteTitle "WFM"]
[BlackTitle "IM"]
[WhiteElo "2087"]
[BlackElo "2417"]
[WhiteFideId "24109606"]
[BlackFideId "4196872"]
[EventDate "2015.05.19"]

1. d4 f5 2. c4 Nf6 3. g3 e6 4. Bg2 c6 5. Nh3 d5 6. O-O Bd6 7. Bf4 Be7 8. Qc2 O-O
9. Nd2 h6 10. Bxb8 Rxb8 11. Nf4 Qe8 12. a4 Bd6 13. c5 Bc7 14. Nf3 Nd7 15. Ra3 g5
16. Nd3 Qe7 17. Nfe5 Nxe5 18. Nxe5 Bxe5 19. dxe5 b6 20. cxb6 Rxb6 21. a5 Rb5 22.
Qxc6 Rxb2 23. Rc3 Bb7 24. Qc5 Qxc5 25. Rxc5 Ba6 26. Rc7 Rf7 27. Rxf7 Kxf7 28.
Rc1 Bxe2 29. Bf1 d4 30. Bxe2 Rxe2 31. Rc7+ Ke8 32. Kf1 Rxe5 33. Rxa7 d3 34. Rb7
Rxa5 35. Ke1 e5 36. Rb6 Kf7 37. Rxh6 e4 38. h4 gxh4 39. Rxh4 Ra1+ 40. Kd2 Ra2+
41. Ke1 Ke6 42. Rf4 Ke5 43. Kd1 Ra5 44. Rh4 Ra1+ 45. Kd2 Rf1 46. Rf4 Kd4 47.
Rxf5 Rxf2+ 0-1

[Event "16th ch-EUR Indiv w 2015"]
[Site "Chakvi GEO"]
[Date "2015.05.23"]
[Round "5.12"]
[White "Zimina, Olga"]
[Black "Goryachkina, Aleksandra"]
[Result "1/2-1/2"]
[WhiteTitle "IM"]
[BlackTitle "WGM"]
[WhiteElo "2339"]
[BlackElo "2474"]
[WhiteFideId "4132190"]
[BlackFideId "4147103"]
[EventDate "2015.05.19"]

1. Nf3 d5 2. c4 c6 3. g3 Bg4 4. Bg2 Nd7 5. cxd5 cxd5 6. Qb3 Nc5 7. Qb4 Nf6 8.
O-O Rc8 9. d3 a5 10. Qe1 e6 11. b4 axb4 12. Qxb4 Be7 13. Ba3 Rc7 14. Nbd2 O-O
15. Qa5 Bd6 16. h3 Bxf3 17. Nxf3 Qa8 18. Bb4 Rc6 19. Rac1 Ra6 20. Qb5 Ncd7 21.
Bxd6 Rxd6 22. Qb2 Rb6 23. Qd2 Nb8 24. Rb1 Ra6 25. Rb2 Nc6 26. Rfb1 Rb8 27. Ne1
h6 28. e4 Qa7 29. exd5 Nxd5 30. Bxd5 exd5 31. Nf3 Ra3 32. Kg2 Nd8 33. Qe2 Nc6
34. Qd2 Ra6 35. Qc2 Ra3 1/2-1/2

[Event "16th ch-EUR Indiv w 2015"]
[Site "Chakvi GEO"]
[Date "2015.05.23"]
[Round "5.13"]
[White "Socko, Monika"]
[Black "Lomineishvili, Maia"]
[Result "1-0"]
[WhiteTitle "GM"]
[BlackTitle "IM"]
[WhiteElo "2467"]
[BlackElo "2364"]
[WhiteFideId "1106619"]
[BlackFideId "13600656"]
[EventDate "2015.05.19"]

1. d4 Nf6 2. c4 e6 3. Nf3 Bb4+ 4. Bd2 Qe7 5. g3 Bxd2+ 6. Qxd2 Nc6 7. Nc3 d5 8.
Bg2 dxc4 9. Rd1 O-O 10. O-O Rd8 11. Qc1 Rb8 12. Rfe1 b5 13. e4 Nb4 14. Bf1 Bb7
15. Ne5 c5 16. d5 a6 17. a3 Nd3 18. Nxd3 cxd3 19. Bxd3 exd5 20. exd5 Qd7 21. Qf4
Kf8 22. Re5 Re8 23. Bf5 Qd6 24. Rxe8+ Nxe8 25. Ne4 Qxf4 26. gxf4 Rd8 27. Nxc5
Rxd5 28. Rxd5 Bxd5 29. Nxa6 Nd6 30. Bd3 Ke7 31. Kf1 Bc4 32. Ke2 Ke6 33. Nc7+ Kd7
34. Na6 Kc6 35. Ke3 Kb6 36. Nb4 Kc5 37. Nc2 Bb3 38. Nd4 Bc4 39. b3 Bd5 40. b4+
Kb6 41. Nf5 Nxf5+ 42. Bxf5 h6 43. Kd4 Bc6 44. Ke5 Kc7 45. Be4 Bd7 46. Kd5 Bc6+
47. Kd4 Bxe4 48. Kxe4 Kd6 49. Kd4 g5 50. fxg5 hxg5 51. Kc3 Kd5 52. Kb3 Kc6 53.
a4 bxa4+ 54. Kxa4 Kb6 55. b5 g4 56. Kb4 f5 57. Kc4 f4 58. Kb4 Kb7 59. Kc5 Kc7
60. Kd5 Kb6 61. Ke5 g3 62. hxg3 fxg3 63. fxg3 Kxb5 64. g4 Kc6 65. Ke4 1-0

[Event "16th ch-EUR Indiv w 2015"]
[Site "Chakvi GEO"]
[Date "2015.05.23"]
[Round "5.14"]
[White "Mammadzada, Gunay"]
[Black "Ushenina, Anna"]
[Result "1/2-1/2"]
[WhiteTitle "WGM"]
[BlackTitle "GM"]
[WhiteElo "2336"]
[BlackElo "2467"]
[WhiteFideId "13403729"]
[BlackFideId "14110911"]
[EventDate "2015.05.19"]

1. e4 e6 2. d4 d5 3. Nd2 Be7 4. Bd3 c5 5. dxc5 Nf6 6. exd5 exd5 7. Nb3 O-O 8.
Nf3 Bg4 9. O-O Nbd7 10. Be3 Rc8 11. h3 Be6 12. c3 Nxc5 13. Nxc5 Bxc5 14. Bxc5
Rxc5 15. Nd4 a6 16. Re1 Qd6 17. Qf3 Rcc8 18. Re2 Rfe8 19. Rae1 Bd7 20. Nf5 Bxf5
21. Bxf5 Rcd8 22. Bc2 Re6 23. Bf5 Ree8 24. Rxe8+ Rxe8 25. Rxe8+ Nxe8 26. Qe3 Nf6
27. Qd4 g6 28. Bc8 Qc7 29. Bxb7 Qxb7 30. Qxf6 Qxb2 31. Qxa6 Qc1+ 32. Kh2 Qf4+
33. Kg1 Qc1+ 34. Kh2 Qf4+ 35. Kg1 Qc1+ 36. Kh2 Qf4+ 1/2-1/2

[Event "16th ch-EUR Indiv w 2015"]
[Site "Chakvi GEO"]
[Date "2015.05.23"]
[Round "5.15"]
[White "Mkrtchian, Lilit"]
[Black "Ovod, Evgenija"]
[Result "1/2-1/2"]
[WhiteTitle "IM"]
[BlackTitle "IM"]
[WhiteElo "2459"]
[BlackElo "2320"]
[WhiteFideId "13300601"]
[BlackFideId "4131827"]
[EventDate "2015.05.19"]

1. c4 c5 2. g3 g6 3. Bg2 Bg7 4. Nc3 Nc6 5. e3 e6 6. Nge2 Nge7 7. Nf4 O-O 8. Rb1
b6 9. b3 Bb7 10. Bb2 d6 11. O-O Qd7 12. Re1 Rad8 13. d3 Qc8 14. Ne4 e5 15. Nd5
Nxd5 16. cxd5 Ne7 17. Nc3 f5 18. a3 Qa8 19. b4 Kh8 20. e4 Bc8 21. bxc5 bxc5 22.
Bc1 Ng8 23. Nb5 a6 24. Nc3 Qa7 25. Bg5 Rd7 26. Na4 Rb7 27. Bd2 Bd7 28. Qc2 Bh6
29. Bxh6 Nxh6 30. Nc3 Rxb1 31. Rxb1 Rb8 32. Rb2 Kg7 33. Qb1 Rxb2 34. Qxb2 Nf7
35. Bf1 Kf8 36. Be2 Ke7 37. Kf1 Kd8 38. Ke1 Kc7 39. h4 Qb6 40. Qxb6+ Kxb6 41.
Kd2 1/2-1/2

[Event "16th ch-EUR Indiv w 2015"]
[Site "Chakvi GEO"]
[Date "2015.05.23"]
[Round "5.16"]
[White "Zaksaite, Salomeja"]
[Black "Melia, Salome"]
[Result "0-1"]
[WhiteTitle "WIM"]
[BlackTitle "IM"]
[WhiteElo "2203"]
[BlackElo "2452"]
[WhiteFideId "12801496"]
[BlackFideId "13602446"]
[EventDate "2015.05.19"]

1. e4 c6 2. d4 d5 3. Nd2 dxe4 4. Nxe4 Bf5 5. Ng3 Bg6 6. Nf3 Nd7 7. h4 h6 8. h5
Bh7 9. Bd3 Bxd3 10. Qxd3 e6 11. Bf4 Qa5+ 12. Bd2 Bb4 13. a3 Bxd2+ 14. Qxd2 Qc7
15. O-O-O Ngf6 16. Qe2 O-O 17. Kb1 b5 18. Ne4 Nd5 19. Nc5 Nxc5 20. dxc5 b4 21.
axb4 a5 22. b5 cxb5 23. Nd4 Rfe8 24. Nxb5 Qxc5 25. c4 Rab8 26. Rh4 Nb4 27. Nd6
Red8 28. Rhd4 Rb6 29. Ne4 Qxd4 30. Rxd4 Rxd4 31. c5 Rb8 32. Nc3 Rbd8 33. Qf3 Rd3
34. Qe2 Rd2 35. Qf3 Rc8 36. Ne4 Rd3 37. Qe2 Rd5 38. g4 Rcd8 39. b3 Rd1+ 40. Kb2
Nd3+ 41. Kc2 Rc1+ 0-1

[Event "16th ch-EUR Indiv w 2015"]
[Site "Chakvi GEO"]
[Date "2015.05.23"]
[Round "5.17"]
[White "Szczepkowska-Horowska, Karina"]
[Black "Charkhalashvili, Inga"]
[Result "1-0"]
[WhiteTitle "WGM"]
[BlackTitle "WGM"]
[WhiteElo "2412"]
[BlackElo "2318"]
[WhiteFideId "1122681"]
[BlackFideId "13601431"]
[EventDate "2015.05.19"]

1. e4 c6 2. d4 d5 3. Nc3 dxe4 4. Nxe4 Bf5 5. Ng3 Bg6 6. Nh3 Nf6 7. c3 e6 8. Nf4
Bd6 9. h4 Bxf4 10. Bxf4 h6 11. Qb3 Qe7 12. h5 Bh7 13. Be2 O-O 14. O-O a5 15. c4
a4 16. Qc3 Na6 17. Rad1 Rfd8 18. Bf3 Qb4 19. Qc1 Rd7 20. Be5 Qe7 21. a3 c5 22.
d5 exd5 23. Rfe1 Qd8 24. cxd5 Nxd5 25. Bg4 Re7 26. Qc4 Nac7 27. Bf3 Rd7 28. Qxc5
Ne6 29. Qb5 Ra5 30. Qe2 Ne7 31. Bc3 Ra7 32. Rxd7 Qxd7 33. Rd1 Qc7 34. Be5 Qc8
35. Ne4 Bxe4 36. Bxe4 Ra5 37. Bb1 Nc6 38. Qc2 Nf8 39. Bd6 Rxh5 40. Re1 g6 41.
Qxa4 Rd5 42. Bg3 Qd7 43. b4 Rd2 44. Bf4 Rd4 45. Bxh6 Qd5 46. f3 Rh4 47. Be3 Qh5
48. Qd1 Rh1+ 49. Kf2 Qh4+ 50. Ke2 Rh2 51. Rg1 Ne6 52. Ba2 Ned4+ 53. Kf1 Nf5 54.
Bf2 Ng3+ 55. Ke1 Qe7+ 56. Kd2 Nf5 57. Kc1 Qf6 58. Kb1 Nfd4 59. Qd3 Rh5 60. Re1
Nb5 61. Rc1 Nd6 62. Be1 Ne5 63. Qe3 Qf5+ 64. Ka1 Qd3 65. Qxd3 Nxd3 66. Rd1 Rh1
67. Rxd3 Rxe1+ 68. Kb2 Re2+ 69. Kb1 Nf5 70. a4 Ne3 71. g4 Re1+ 72. Kb2 Re2+ 73.
Kb3 Nc2 74. Bb1 Ne1 75. Rd8+ Kg7 76. Be4 Nxf3 77. Bxb7 Re3+ 78. Kc4 Ne5+ 79. Kb5
Kf6 80. a5 Ke7 81. Rd4 Ra3 82. a6 Nd7 83. Rxd7+ 1-0

[Event "16th ch-EUR Indiv w 2015"]
[Site "Chakvi GEO"]
[Date "2015.05.23"]
[Round "5.18"]
[White "Gaponenko, Inna"]
[Black "Abdulla, Khayala"]
[Result "1-0"]
[WhiteTitle "IM"]
[BlackTitle "WIM"]
[WhiteElo "2391"]
[BlackElo "2266"]
[WhiteFideId "14101181"]
[BlackFideId "13401807"]
[EventDate "2015.05.19"]

1. e4 c5 2. Nf3 e6 3. d4 d5 4. exd5 exd5 5. Bb5+ Nc6 6. O-O Bd6 7. c4 a6 8.
Bxc6+ bxc6 9. cxd5 cxd5 10. dxc5 Bxc5 11. Qc2 Qd6 12. Bf4 Qxf4 13. Qxc5 Ne7 14.
Re1 Be6 15. Nc3 Rd8 16. Rad1 Qd6 17. Ne4 Qxc5 18. Nxc5 Rd6 19. Ng5 Bf5 20. Rd2
f6 21. Rde2 O-O 22. Nge6 Rc8 23. Nxg7 Kxg7 24. Rxe7+ Kh6 25. Nb3 d4 26. R7e2 d3
27. Rd2 Rc2 28. Red1 Rdc6 29. f3 Kg5 30. Kf2 R6c4 31. Ke3 Rb4 32. Nd4 Rbxb2 33.
h4+ Kg6 34. g4 Bd7 35. Nxc2 dxc2 36. h5+ Kh6 37. Rc1 Ba4 38. Rd6 Kg5 39. Rxa6
Rxa2 40. Ra5+ Kh6 41. Kf4 Kg7 42. Ra7+ Kh6 43. Kg3 Ra3 44. Kh4 1-0